000 00607nam a2200217Ia 4500
005 20250923145711.0
008 008 250917s9999 xx 000 0 eng d
037 _aReference
040 _aDSWL
_beng
_cDSWL
041 _aeng
_2eng
084 _azGx, N69.4
_qDSWL
100 _aDesai, M.H.
_9838101
245 0 _aDay-to-Day with Gandhi ( Jan.1924 to Nov.1924)
_c by M.H.Desai
260 _aVaranasi
_bSatva Seva Sangh Prak.
_c1969
300 _a388 p.
365 _aINR
_b22.50
490 _vVol. IV
925 _g22.50
942 _cREF
_hzGx, N69.4
999 _c1454530
_d1454530